000 00973cam a22002771a 4500
001 364
003 BD-RjUL
005 20211208233151.0
008 750812s1960 nyua b 000 0 eng
035 _a(BD-RjUL)
035 _a(OCoLC)1539302
040 _aDLC
_cF
_dOCoLC
_dNNHuC
_dUk
_dDLC
_beng
041 1 _aeng
_hpol
082 _a006
_219
_bGRC1960
100 1 _aGreniewski, Henryk.
_91158
245 1 0 _aCybernetics without mathematics /
_cby Henryk Greniewski ; translated from Polish by Olgierd Wojtasiewicz.
260 _aWarszawa :
_bPaństwowe Wydawnictwo Naukowe ;
_aNew York :
_bPergamon Press,
_cc1960.
300 _a201 p. :
_bill. ;
_c23 cm.
500 _aTranslation of: Elementy cybernetyki sposobem niematematycznym wyłożone.
504 _aIncludes bibliographical references.
650 0 _aCybernetics.
_91147
942 _2ddc
_cBK
999 _c364
_d364